000 00641nam a2200241Ia 4500
001 21019
005 20240114000541.0
007 ta
008 060301s 196 g b000 u 465 u
040 _aCotton College,Assam
041 _a465
082 _a821.7609
_bW 52 B
100 _aWest, Paul .
245 0 _aByron: A Collection of Critical Essays /
_cPaul West.
_hTextual Documents
250 _a1st ed. /
260 _aLondon :
_bPrentice-Hall, Inc. ,
_cC 1963.
300 _a174p. ;
_c21cm.
653 _aEnglish Poetry-Criticism
653 _aG-English
942 _2ddc
_cBK
999 _c21001
_d21001